Ιστορία ευρωπαϊκού δράματος και θεάτρου
Αποθηκεύτηκε σε:
| Κύριος συγγραφέας: | |
|---|---|
| Άλλοι συγγραφείς: | , |
| Μορφή: | Βιβλίο |
| Γλώσσα: | Greek German |
| Δημοσίευση: |
Αθήνα :
Πλέθρον,
c2012.
|
| Σειρά: | (Θέατρο / Πλέθρον)
|
| Θέματα: | |
| Ετικέτες: |
Προσθήκη ετικέτας
Δεν υπάρχουν, Καταχωρήστε ετικέτα πρώτοι!
|
MARC
| LEADER | 00000cam a2200000 i 4500 | ||
|---|---|---|---|
| 001 | 1/45821 | ||
| 008 | 140410s2012 gr | ||| |||| ||gre|| | ||
| 020 | |a 9789603482079 |q (τ.1) | ||
| 020 | |a 9789603482086 |q (τ.2) | ||
| 035 | |l 10117367 | ||
| 040 | |a GR-MyUa |b gre |e AACR2 | ||
| 041 | 1 | |a gre |h ger | |
| 082 | 7 | |a 792.09 |2 (23) | |
| 100 | 1 | |a Fischer-Lichte, Erika. | |
| 245 | 1 | 0 | |a Ιστορία ευρωπαϊκού δράματος και θεάτρου / |c Erika Fischer-Lichte ; μετάφραση: Γιάννης Καλιφατίδης, Γιώργος Σαγκριώτης. |
| 260 | |a Αθήνα : |b Πλέθρον, |c c2012. | ||
| 300 | |a 2τ. ; |c 24 εκ. | ||
| 490 | 0 | |a (Θέατρο / Πλέθρον) | |
| 500 | |a Τίτλος πρωτοτύπου: Geschichte des dramas,von der antike bis zur deutchen klassik. | ||
| 500 | |a Tίτλος πρωτοτύπου: Geschichte des dramas,von der romantik bis zur gegenwart. | ||
| 504 | |a Περιλαμβάνει βιβλιογραφικές παραπομπές. | ||
| 505 | 0 | |a Τ.1. Από την αρχαιότητα στους Γερμανούς κλασικούς -- τ.2. Από τον Ρομαντισμό μέχρι σήμερα. | |
| 650 | 0 | 0 | |a Theater |x History. |
| 650 | 0 | 0 | |a Romanticism. |
| 650 | 0 | 0 | |a Drama. |
| 700 | 1 | |a Καλιφατίδης, Γιάννης, |e trl | |
| 700 | 1 | |a Σαγκριώτης, Γιώργος, |e trl | |
| 740 | 4 | |a Από την αρχαιότητα στους Γερμανούς κλασικούς. | |
| 740 | 4 | |a Από τον Ρομαντισμό μέχρι σήμερα. | |
| 852 | |a INST |b RHODES |c EUDOXUS |e 20140410 |h 792.09 FIS |p 005400036372 |q 005400036372 |t EDX |y 0 |z τ.1 | ||
| 852 | |a INST |b RHODES |c EUDOXUS |e 20140410 |h 792.09 FIS |p 005400036373 |q 005400036373 |t EDX |y 0 |z τ.1 | ||
| 852 | |a INST |b RHODES |c EUDOXUS |e 20140410 |h 792.09 FIS |p 005400036374 |q 005400036374 |t EDX |y 0 |z τ.2 | ||
| 852 | |a INST |b RHODES |c EUDOXUS |e 20140410 |h 792.09 FIS |p 005400036375 |q 005400036375 |t EDX |y 0 |z τ.2 | ||
| 852 | |a INST |b RHODES |c EUDOXUS |e 20140410 |h 792.09 FIS |p 005400036372 |q 005400036372 |t EDX |v τ.1: |y 0 |z τ.1 | ||
| 852 | |a INST |b RHODES |c EUDOXUS |e 20140410 |h 792.09 FIS |p 005400036373 |q 005400036373 |t EDX |v τ.1: |y 0 |z τ.1 | ||
| 852 | |a INST |b RHODES |c EUDOXUS |e 20140410 |h 792.09 FIS |p 005400036374 |q 005400036374 |t EDX |v τ.2: |y 0 |z τ.2 | ||
| 852 | |a INST |b RHODES |c EUDOXUS |e 20140410 |h 792.09 FIS |p 005400036375 |q 005400036375 |t EDX |v τ.2: |y 0 |z τ.2 | ||
| 852 | |a INST |b RHODES |c EUDOXUS |e 20150605 |h 792.09 FIS |p 005400037764 |q 005400037764 |t EDX |v τ.1: |y 0 | ||
| 852 | |a INST |b RHODES |c EUDOXUS |e 20150605 |h 792.09 FIS |p 005400037765 |q 005400037765 |t EDX |v τ.1: |y 0 | ||
| 852 | |a INST |b RHODES |c EUDOXUS |e 20150605 |h 792.09 FIS |p 005400037766 |q 005400037766 |t EDX |v τ.2: |y 0 | ||
| 852 | |a INST |b RHODES |c EUDOXUS |e 20150605 |h 792.09 FIS |p 005400037767 |q 005400037767 |t EDX |v τ.2: |y 0 | ||
| 853 | |a INST |b RHODES |c EUDOXUS |h 792.09 FIS | ||
| 901 | |a BIBL4-2014-1 | ||
| 920 | |a Εύδοξος |b Παραγγελία |y Ρόδος-ΤΕΠΑΕΣ |z 2014-04 | ||
| 920 | |a Εύδοξος |b Παραγγελία |y Ρόδος-ΤΕΠΑΕΣ |z 2015-05 | ||
| 922 | |a 4ΕΛΗ | ||
| 970 | |z 2014/04/10 | ||